Carta a la Eternidad / (Record no. 137617)

MARC details
000 -LEADER
campo de control de longitud fija 00438nam a2200157 4500
001 - NÚMERO DE CONTROL
campo de control 137617
003 - IDENTIFICADOR DE NÚMERO DE CONTROL
campo de control ES-MaACL
005 - FECHA Y HORA DE LA ÚLTIMA TRANSACCIÓN
campo de control 20230906195416.0
007 - CAMPO FIJO DE DESCRIPCIÓN FÍSICA--INFORMACIÓN GENERAL
campo de control de longitud fija t|
008 - DATOS DE LONGITUD FIJA--INFORMACIÓN GENERAL
campo de control de longitud fija 070214s1944 ec r ||||1| spa d
100 1# - ENTRADA PRINCIPAL--NOMBRE DE PERSONA
Nombre de persona Salazar Orrego, Arturo.
9 (RLIN) 101826
245 10 - MENCIÓN DEL TÍTULO
Título Carta a la Eternidad /
Mención de responsabilidad, etc. Arturo Salazar Orrego.
260 ## - PUBLICACIÓN, DISTRIBUCIÓN, ETC.
Lugar de publicación, distribución, etc. Cuenca (Ecuador) :
Nombre del editor, distribuidor, etc. Austral,
Fecha de publicación, distribución, etc. 1944.
300 ## - DESCRIPCIÓN FÍSICA
Extensión 124 p. ;
Dimensiones 18 cm.
852 ## - LOCALIZACIÓN
Ubicación ES-MaACL
Número de control de estantería B-12603
Sublocalización o colección R.29438
Holdings
Estatus retirado Estado de pérdida Estado de daño No para préstamo Biblioteca de origen Biblioteca actual Ubicación en estantería Fecha de adquisición Fuente de adquisición Total de préstamos Signatura topográfica completa Código de barras Visto por última vez Precio de reemplazo Tipo de ítem Koha
        Biblioteca del Ateneo de Madrid Biblioteca del Ateneo de Madrid Sala Pardo Bazán 17/01/2008     B-12603 1143209 23/02/2023 23/02/2023 Libro impreso